Normal view
MARC view
- Smith, J. M. (Joseph Mauk)
Entry Personal Name
001 - CONTROL NUMBER
- control field: 5314
003 - CONTROL NUMBER IDENTIFIER
- control field: CBULib
005 - DATE AND TIME OF LATEST TRANSACTION
- control field: 20260204140805.0
008 - FIXED-LENGTH DATA ELEMENTS
- fixed length control field: 260204|| aca||aabn | a|a d
040 ## - CATALOGING SOURCE
- Original cataloging agency: CBULib
100 ## - HEADING--PERSONAL NAME
- Personal name: Smith, J. M. (Joseph Mauk)
- Dates associated with a name: 1916-